00558nam a22001697a 450000500170000001000130001702000260003003500110005603700130006708200080008010000300008824500640011824600600018226000520024227000720029430000220036620190802172602.0 aUR-10337 c250.00a9789388356237 aU-8892 bDBAD/PUB a841 aا فتخا ر ا حمد  aبے چر ا غ آ نکھيںcا فتخا ر ا حمد  bBe Chiragh Aankhen (Poetry) (Urdu)aby Qaisar Siddiqui aDelhibEducational Publishing House c2018 ء  a3191,Vakil Sreet Kucha Pandit Lal Kuan bDelhie110006k23216162l- a218 صc22 Cm(Hb)